| 000 | 00549nam a2200217Ia 4500 | ||
|---|---|---|---|
| 008 | 260428s9999 xx 000 0 und d | ||
| 020 | _aD.L. 76504 | ||
| 082 | _a347.01 T234e 1990 HNA | ||
| 100 |
_aTavolari Oliveros, Raúl _914282 |
||
| 245 | 0 | _aEstudios de derecho procesal | |
| 250 | _a1a. edición | ||
| 260 | _aEditorial Edeval | ||
| 260 | _bU.de Valparaiso, Chile | ||
| 260 | _c1990 | ||
| 300 | _a250p. | ||
| 500 | _aHNA | ||
| 650 |
_aChile _9121 |
||
| 650 |
_aDerecho Procesal _9499 |
||
| 650 |
_aEstudios _92701 |
||
| 942 | _clibro | ||
| 999 |
_c20449 _d20449 |
||